ARRUPE JESUIT UNIVERSITY

CORONAVIRUS -STOP THE SPREAD - CLEAN,DISINFECT,COVER

Gender and development / (Record no. 129544)

MARC details
000 -LEADER
fixed length control field 01945cam a2200433 a 4500
001 - CONTROL NUMBER
control field 15752739
003 - CONTROL NUMBER IDENTIFIER
control field ARRUPE
005 - DATE AND TIME OF LATEST TRANSACTION
control field 20190503092845.0
008 - FIXED-LENGTH DATA ELEMENTS--GENERAL INFORMATION
fixed length control field 090528s2010 enkab b 001 0 eng
010 ## - LIBRARY OF CONGRESS CONTROL NUMBER
LC control number 2009021464
015 ## - NATIONAL BIBLIOGRAPHY NUMBER
National bibliography number GBA986421
Source bnb
016 7# - NATIONAL BIBLIOGRAPHIC AGENCY CONTROL NUMBER
Record control number 015361370
Source Uk
020 ## - INTERNATIONAL STANDARD BOOK NUMBER
International Standard Book Number 9780415775625 (hbk)
020 ## - INTERNATIONAL STANDARD BOOK NUMBER
International Standard Book Number 0415775620 (hbk)
020 ## - INTERNATIONAL STANDARD BOOK NUMBER
International Standard Book Number 9780415775632 (pbk)
020 ## - INTERNATIONAL STANDARD BOOK NUMBER
International Standard Book Number 0415775639 (pbk)
020 ## - INTERNATIONAL STANDARD BOOK NUMBER
International Standard Book Number 9780203869628 (ebk)
020 ## - INTERNATIONAL STANDARD BOOK NUMBER
International Standard Book Number 0203869621 (ebk)
020 ## - INTERNATIONAL STANDARD BOOK NUMBER
Cancelled/invalid ISBN 9780203869621
035 ## - SYSTEM CONTROL NUMBER
System control number (OCoLC)ocn227918239
040 ## - CATALOGING SOURCE
Original cataloging agency DLC
Transcribing agency DLC
Modifying agency BTCTA
-- BAKER
-- YDXCP
-- UKM
-- BWKUK
-- BWX
-- DLC
043 ## - GEOGRAPHIC AREA CODE
Geographic area code d------
050 00 - LIBRARY OF CONGRESS CALL NUMBER
Classification number HQ1240.5.D44
Item number M657 2010
082 00 - DEWEY DECIMAL CLASSIFICATION NUMBER
Classification number 306.3/615091724
Edition number 22
082 00 - DEWEY DECIMAL CLASSIFICATION NUMBER
Classification number 305.42091724
Edition number 22
300 ## - PHYSICAL DESCRIPTION
Other physical details ill., maps ;
Dimensions 24 cm.
100 1# - MAIN ENTRY--PERSONAL NAME
Personal name Momsen, Janet Henshall.
9 (RLIN) 46192
245 10 - TITLE STATEMENT
Title Gender and development /
Statement of responsibility, etc Janet Momsen.
250 ## - EDITION STATEMENT
Edition statement 2nd ed.
260 ## - PUBLICATION, DISTRIBUTION, ETC. (IMPRINT)
Place of publication, distribution, etc London ;
-- New York :
Name of publisher, distributor, etc Routledge,
Date of publication, distribution, etc 2010.
300 ## - PHYSICAL DESCRIPTION
Extent xiv, 285 p. :
490 0# - SERIES STATEMENT
Series statement Routledge perspectives on development
500 ## - GENERAL NOTE
General note Rev. ed. of: Gender and development. 2004.
504 ## - BIBLIOGRAPHY, ETC. NOTE
Bibliography, etc Includes bibliographical references and index.
505 0# - FORMATTED CONTENTS NOTE
Formatted contents note Introduction : gender is a development issue -- The sex ratio -- Reproduction -- Gender, health and violence -- Gender and environment -- Gender in rural areas -- Gender and urbanization -- Globalization and changing patterns of economic activity -- How far have we come?
650 #0 - SUBJECT ADDED ENTRY--TOPICAL TERM
Topical term or geographic name as entry element Women in development
Geographic subdivision Developing countries.
9 (RLIN) 46193
650 #0 - SUBJECT ADDED ENTRY--TOPICAL TERM
Topical term or geographic name as entry element Sexual division of labor
Geographic subdivision Developing countries.
9 (RLIN) 46194
650 #0 - SUBJECT ADDED ENTRY--TOPICAL TERM
Topical term or geographic name as entry element Women
Geographic subdivision Developing countries.
9 (RLIN) 46195
906 ## - LOCAL DATA ELEMENT F, LDF (RLIN)
a 7
b cbc
c orignew
d 1
e ecip
f 20
g y-gencatlg
942 ## - ADDED ENTRY ELEMENTS (KOHA)
Source of classification or shelving scheme Library of Congress Classification
Koha item type Monograph ( Printed materials)
Holdings
Withdrawn status Lost status Source of classification or shelving scheme Damaged status Not for loan Collection code Home library Current library Shelving location Date acquired Total Checkouts Full call number Barcode Date last seen Date checked out Price effective from Koha item type
    Library of Congress Classification     Main Collection ARRUPE LIBRARY ARRUPE LIBRARY Main Collection 03/05/2019 1 HQ1240.5.D44 M657 2010 46600004648 29/09/2020 16/09/2020 03/05/2019 Monograph ( Printed materials)

 

Arrupe Library. PO Box MP320 Mt Pleasant, Harare, Zimbabwe
263 242 745411|librarian@aju.ac.zw